| 000 | 00443nam a2200193Ia 4500 | ||
|---|---|---|---|
| 001 | 14446 | ||
| 003 | GE_BSU | ||
| 008 | 181216s||||||||xx |||||||||||||| ||und|| | ||
| 020 | _a0006513204 | ||
| 040 | _cGE_BSU | ||
| 100 | _aChevalier,Tracy | ||
| 245 | _aGirl with a Pearl Earring | ||
| 260 | _aLondon | ||
| 260 | _bHarper Collins Publishers | ||
| 260 | _c1999 | ||
| 300 | _a248p.20cm. | ||
| 653 | _aGirl with a Pearl Earring | ||
| 942 | _cBK | ||
| 999 |
_c47580 _d47580 |
||